Tuyển chọn các dạng bài tập tiếng Anh ( Ngữ pháp, từ vựng, cấu trúc, ... )

Gespeichert in:
Bibliographische Detailangaben
1. Verfasser: Võ Nguyễn Xuân Tùng
Format: Buch
Sprache:Undetermined
Veröffentlicht: Tp. HCM Trẻ 2002
Schlagworte:
Tags: Tag hinzufügen
Keine Tags, Fügen Sie den ersten Tag hinzu!
Thư viện lưu trữ: Trung tâm Học liệu Trường Đại học Cần Thơ
LEADER 00619nam a2200193Ia 4500
001 CTU_54704
008 210402s9999 xx 000 0 und d
020 |b 27500 
082 |a 428.076 
082 |b T513/T1 
100 |a Võ Nguyễn Xuân Tùng 
245 0 |a Tuyển chọn các dạng bài tập tiếng Anh ( Ngữ pháp, từ vựng, cấu trúc, ... ) 
245 0 |c Võ Nguyễn Xuân Tùng 
260 |a Tp. HCM 
260 |b Trẻ 
260 |c 2002 
650 |a english language 
650 |x problems, exercises, etc. 
980 |a Trung tâm Học liệu Trường Đại học Cần Thơ